00000000nam##2200000za#4500
0019.608208
003CaOODSP
00520210624213518
007cr |||||||||||
008150406|2005||||xxc|||||o    f|0| 0 fre|d
040 |aCaOODSP|bfre
043 |an-cn---
0861 |aSC102-2/18-2005F-MP3
1102 |aÉcole de la fonction publique du Canada.
24510|aExprimer une volonté - un souhait, des goûts, des préférences. Fichier audio |h[ressource électronique]
2461 |iTitre additionnel (dans la publication) : |aAuto-évaluation - Activités orales : Objectif de formation 18
260 |aOttawa - Ontario : |bÉcole de la fonction publique du Canada
300 |aDurée : 00:25:06
4901 |aProgramme de français langue seconde - Niveaux A et B. Fichier audio |vObjectif de formation 18, 2005
500 |aTitre de l'édition imprimée et du catalogueur. Fichiers audio qui accompagnent la version imprimée (SC102-2/18-2005F) et électronique (SC102-2/18-2005F-PDF) de ce titre. Comprend des activités de mise en train et de performance d'auto-évaluation orale.
590 |a15-01-Supp|b2015-01-26
590 |a14-52-Supp|b2014-08-22
830#0|aProgramme de français langue seconde - Niveaux A et B. Fichier audio ;|vObjectif de formation 18, 2005|w(CaOODSP)9.504304
85640|ahttp://publications.gc.ca|qMP3|s4.73 Mo|uhttps://publications.gc.ca/collections/collection_2015/efpc-csps/SC102-2-18-17-2005-fra.mp3
85640|ahttp://publications.gc.ca|qMP3|s14,838 Ko|uhttps://publications.gc.ca/collections/collection_2015/efpc-csps/SC102-2-18-1m-2005-fra.mp3
85640|ahttp://publications.gc.ca|qMP3|s8508 Ko|uhttps://publications.gc.ca/collections/collection_2015/efpc-csps/SC102-2-18-2m-2005-fra.mp3
85640|ahttp://publications.gc.ca|qMP3|s3152 Ko|uhttps://publications.gc.ca/collections/collection_2015/efpc-csps/SC102-2-18-2p-2005-fra.mp3
85640|ahttp://publications.gc.ca|qMP3|s5109 Ko|uhttps://publications.gc.ca/collections/collection_2015/efpc-csps/SC102-2-18-1p-2005-fra.mp3
85640|ahttp://publications.gc.ca|qMP3|s7547 Ko|uhttps://publications.gc.ca/collections/collection_2015/efpc-csps/SC102-2-18-3m-2005-fra.mp3
85640|ahttp://publications.gc.ca|qMP3|s2666 Ko|uhttps://publications.gc.ca/collections/collection_2015/efpc-csps/SC102-2-18-3p-2005-fra.mp3|yObjectif de formation 18, 2005